[Event "CEDIS Festival saha 2024 - finale"]
[Site "Podgorica"]
[Date "2024.10.25"]
[Round "1.1"]
[White "Sijaric, Alvir"]
[Black "Djukanovic, Sreten"]
[Result "1/2-1/2"]
[WhiteElo "1915"]
[BlackElo "2106"]
[PlyCount "54"]
[EventDate "2024.10.25"]
[EventType "tourn"]
[EventRounds "9"]
[EventCountry "MNE"]
[SourceDate "2024.10.26"]

1. d4 Nf6 2. c4 c5 3. d5 b5 4. Qc2 g6 5. e4 bxc4 6. Bxc4 d6 7. b3 Nxe4 8. Bb2
Nf6 9. Qe2 Bg7 10. h4 h5 11. Nh3 O-O 12. Ng5 Nbd7 13. O-O Nb6 14. Nc3 Rb8 15.
Rfe1 Nxc4 16. bxc4 Ba6 17. Rab1 Qa5 18. Ba1 Rxb1 19. Rxb1 Re8 20. Nb5 Bxb5 21.
Rxb5 Qa3 22. Bxf6 Bxf6 23. Ne4 Be5 24. g3 Rc8 25. Rb7 Kf8 26. Kg2 Qa6 27. Rb3
Kg7 1/2-1/2

[Event "CEDIS Festival saha 2024 - finale"]
[Site "Podgorica"]
[Date "2024.10.25"]
[Round "1.2"]
[White "Abramovic, Dragoljub"]
[Black "Vujadinovic, Zeljko"]
[Result "1-0"]
[WhiteElo "2027"]
[BlackElo "1863"]
[PlyCount "55"]
[EventDate "2024.10.25"]
[EventType "tourn"]
[EventRounds "9"]
[EventCountry "MNE"]
[SourceDate "2024.10.26"]

1. d4 d5 2. c4 c6 3. Qc2 Nf6 4. Nf3 e6 5. Bg5 Be7 6. Nbd2 Nbd7 7. e3 b6 8. Bd3
Bb7 9. O-O h6 10. Bf4 g5 11. Bg3 Rg8 12. cxd5 Nxd5 13. a3 g4 14. Ne5 Nxe5 15.
Bxe5 Bf6 16. Nc4 Bxe5 17. dxe5 Kf8 18. Nd6 Qc7 19. Be4 Rg5 20. f4 gxf3 21. Rxf3
Nxe3 22. Rxe3 Rxe5 23. Nxb7 f5 24. Rf3 Rc8 25. Bxf5 exf5 26. Rxf5+ Rxf5 27.
Qxf5+ Kg7 28. Rd1 1-0

[Event "CEDIS Festival saha 2024 - finale"]
[Site "Podgorica"]
[Date "2024.10.25"]
[Round "1.3"]
[White "Mosurovic, Milena"]
[Black "Vesovic, Nebojsa"]
[Result "0-1"]
[WhiteElo "1816"]
[BlackElo "1829"]
[PlyCount "78"]
[EventDate "2024.10.25"]
[EventType "tourn"]
[EventRounds "9"]
[EventCountry "MNE"]
[SourceDate "2024.10.26"]

1. e4 c5 2. Nc3 a6 3. g3 Nc6 4. Bg2 g6 5. d3 Bg7 6. Be3 d6 7. Qd2 h5 8. h3 Nf6
9. f4 Qa5 10. Nf3 Qb4 11. O-O Qxb2 12. Rab1 Qa3 13. d4 O-O 14. f5 cxd4 15. Nxd4
Ne5 16. Qe1 b5 17. Rb3 Qa5 18. Qf2 Qc7 19. Nf3 Nc4 20. e5 dxe5 21. Nxe5 Nxe5
22. Bxa8 Bxf5 23. Bg2 Nc4 24. Nd1 Qc8 25. Kh2 Qd8 26. Bc5 Qc7 27. Re1 Re8 28.
Be3 h4 29. Bf4 hxg3+ 30. Bxg3 e5 31. Ne3 Nxe3 32. Rbxe3 Nh5 33. R3e2 Nxg3 34.
Qxg3 Qc4 35. c3 e4 36. Kh1 Bxc3 37. Rc2 b4 38. a3 Bxe1 39. Rxc4 Bxg3 0-1

[Event "CEDIS Festival saha 2024 - finale"]
[Site "Podgorica"]
[Date "2024.10.25"]
[Round "1.4"]
[White "Lakusic, Zoran"]
[Black "Zizic, Djordje"]
[Result "0-1"]
[WhiteElo "1752"]
[BlackElo "1841"]
[PlyCount "110"]
[EventDate "2024.10.25"]
[EventType "tourn"]
[EventRounds "9"]
[EventCountry "MNE"]
[SourceDate "2024.10.26"]

1. Nf3 d5 2. d4 Nf6 3. g3 e6 4. Bg2 Be7 5. c4 O-O 6. Nc3 dxc4 7. Qa4 Bd7 8.
Qxc4 Bc6 9. O-O Nbd7 10. Bg5 Nb6 11. Qd3 Bxf3 12. Bxf3 c6 13. e4 h6 14. Bf4 Qd7
15. Rad1 Rfd8 16. b3 Bc5 17. Be3 Bb4 18. Qc2 Qe7 19. Ne2 Rd7 20. Rd3 Rad8 21.
Rfd1 Ne8 22. Nf4 Nc7 23. e5 Nbd5 24. Bxd5 cxd5 25. a4 Na6 26. Qe2 Rc7 27. Nh5
Kh8 28. Qg4 Qf8 29. f4 g6 30. Nf6 Be7 31. Qh4 Bxf6 32. exf6 Kh7 33. g4 Nb4 34.
R3d2 Rc3 35. Qf2 Qh8 36. h4 Qxf6 37. f5 gxf5 38. g5 Qg6 39. Kh1 h5 40. Bf4 Rdc8
41. Kg2 Qg7 42. Be5 Qf8 43. Qe2 Kg6 44. Qb5 Qe7 45. Bf6 Qc7 46. Be5 Qe7 47. Bf6
Qf8 48. Qxb7 R8c7 49. Qb5 Rxb3 50. Qe2 Rcc3 51. Qe5 Re3 52. Qc7 Na6 53. Qxa7
Rg3+ 54. Kf2 Qa3 55. Qxa6 Rbf3+ 0-1

[Event "CEDIS Festival saha 2024 - finale"]
[Site "Podgorica"]
[Date "2024.10.25"]
[Round "1.5"]
[White "Krsikapa, Milos"]
[Black "Milovic, Ilija"]
[Result "0-1"]
[WhiteElo "1811"]
[BlackElo "1885"]
[PlyCount "78"]
[EventDate "2024.10.25"]
[EventType "tourn"]
[EventRounds "9"]
[EventCountry "MNE"]
[SourceDate "2024.10.26"]

1. d4 Nf6 2. Nf3 d5 3. c4 e6 4. e3 Be7 5. b3 O-O 6. Bd3 b6 7. O-O Bb7 8. Nbd2
Nbd7 9. Bb2 c5 10. Ne5 cxd4 11. exd4 dxc4 12. bxc4 Nxe5 13. dxe5 Qxd3 14. exf6
Qg6 15. f3 Bxf6 16. Bxf6 Qxf6 17. Ne4 Qe5 18. Qe2 Rac8 19. Rad1 f5 20. Ng3 Qxe2
21. Nxe2 Rxc4 22. Rd7 Bd5 23. Rxa7 Rc2 24. Nf4 Rxa2 25. Re7 Rc8 26. Re1 Rcc2
27. h4 Bc4 28. Rd1 Rd2 29. Rxd2 Rxd2 30. Nh5 b5 31. Rxg7+ Kf8 32. Rb7 Ke8 33.
Nf6+ Kd8 34. Nxh7 Kc8 35. Ra7 Rd1+ 36. Kh2 Rd7 37. Rxd7 Kxd7 38. g4 Ke7 39. g5
b4 0-1

[Event "CEDIS Festival saha 2024 - finale"]
[Site "Podgorica"]
[Date "2024.10.26"]
[Round "2.1"]
[White "Djukanovic, Sreten"]
[Black "Milovic, Ilija"]
[Result "1-0"]
[WhiteElo "2106"]
[BlackElo "1885"]
[PlyCount "97"]
[EventDate "2024.10.25"]
[EventType "tourn"]
[EventRounds "9"]
[EventCountry "MNE"]
[SourceDate "2024.10.26"]

1. d4 d5 2. c4 e6 3. Nc3 Nf6 4. Bg5 Be7 5. e3 O-O 6. Rc1 h6 7. Bxf6 Bxf6 8. Nf3
a6 9. cxd5 exd5 10. Bd3 c6 11. O-O Be6 12. Na4 Nd7 13. b4 Bg4 14. h3 Bh5 15.
Nc5 Qc8 16. Bf5 Rd8 17. Nxd7 Rxd7 18. Bxd7 Qxd7 19. Ne5 Bxe5 20. Qxh5 Bd6 21.
Rb1 Qe7 22. Rb3 Bxb4 23. Rfb1 a5 24. a3 Bxa3 25. Rxb7 Qf6 26. Rb8+ Rxb8 27.
Rxb8+ Kh7 28. Rb7 Kg8 29. Qf3 Qg6 30. g4 Bb4 31. Rb8+ Kh7 32. Qf5 Qxf5 33. gxf5
h5 34. Rb6 Kh6 35. h4 g6 36. Rxc6 a4 37. Rb6 Be7 38. f6 Bd8 39. Rd6 Bc7 40. Ra6
Bd8 41. Rxa4 Bxf6 42. Ra5 Bxh4 43. Rxd5 Bf6 44. Rd7 Kg7 45. f4 g5 46. fxg5 Bxg5
47. Kf2 Kf6 48. Kf3 Ke6 49. Rb7 1-0

[Event "CEDIS Festival saha 2024 - finale"]
[Site "Podgorica"]
[Date "2024.10.26"]
[Round "2.2"]
[White "Zizic, Djordje"]
[Black "Krsikapa, Milos"]
[Result "1-0"]
[WhiteElo "1841"]
[BlackElo "1811"]
[PlyCount "34"]
[EventDate "2024.10.25"]
[EventType "tourn"]
[EventRounds "9"]
[EventCountry "MNE"]
[SourceDate "2024.10.26"]

1. e4 c5 2. Nf3 d6 3. Bb5+ Bd7 4. Bxd7+ Nxd7 5. O-O Ngf6 6. Qe2 e6 7. d4 cxd4
8. Nxd4 Be7 9. c4 Qa5 10. Rd1 Rc8 11. f3 a6 12. Be3 d5 13. exd5 exd5 14. Nf5
Qd8 15. Nxg7+ Kf8 16. Bh6 Bc5+ 17. Kh1 Kg8 1-0

[Event "CEDIS Festival saha 2024 - finale"]
[Site "Podgorica"]
[Date "2024.10.26"]
[Round "2.3"]
[White "Vesovic, Nebojsa"]
[Black "Lakusic, Zoran"]
[Result "1/2-1/2"]
[WhiteElo "1829"]
[BlackElo "1752"]
[PlyCount "71"]
[EventDate "2024.10.25"]
[EventType "tourn"]
[EventRounds "9"]
[EventCountry "MNE"]
[SourceDate "2024.10.26"]

1. Nf3 Nf6 2. c4 g6 3. d4 Bg7 4. Nc3 O-O 5. h3 d5 6. e3 c5 7. Be2 a6 8. O-O
cxd4 9. exd4 dxc4 10. Bxc4 b5 11. Bb3 Bb7 12. Re1 Nc6 13. Bg5 Na5 14. Ne5 Nxb3
15. Qxb3 Nd5 16. Bh4 f6 17. Nd3 Kh8 18. Nc5 Nxc3 19. Nxb7 Qxd4 20. Qxc3 Qxh4
21. Rxe7 Rac8 22. Qd2 f5 23. Rd7 Be5 24. Re1 Qf4 25. Qxf4 Bxf4 26. g3 Rc1 27.
Rxc1 Bxc1 28. b3 Ba3 29. Kg2 Rc8 30. Nd8 Rc2 31. Ne6 Kg8 32. Rg7+ Kh8 33. Ra7
Kg8 34. Rxa6 b4 35. Nd4 Rxa2 36. Ra4 1/2-1/2

[Event "CEDIS Festival saha 2024 - finale"]
[Site "Podgorica"]
[Date "2024.10.26"]
[Round "2.4"]
[White "Vujadinovic, Zeljko"]
[Black "Mosurovic, Milena"]
[Result "0-1"]
[WhiteElo "1863"]
[BlackElo "1816"]
[PlyCount "46"]
[EventDate "2024.10.25"]
[EventType "tourn"]
[EventRounds "9"]
[EventCountry "MNE"]
[SourceDate "2024.10.26"]

1. d4 Nf6 2. Nf3 g6 3. Bg5 Bg7 4. e3 d6 5. c3 O-O 6. Nbd2 Nbd7 7. Qc2 c5 8. Bd3
b6 9. Ne4 Qc7 10. Bxf6 Nxf6 11. Nxf6+ Bxf6 12. h4 c4 13. Be2 d5 14. h5 Bf5 15.
Qc1 b5 16. Nh4 Bxh4 17. Rxh4 Rfc8 18. Bf3 Qd6 19. e4 dxe4 20. Bxe4 Bxe4 21.
Rxe4 Qh2 22. hxg6 hxg6 23. g3 Qh1+ 0-1

[Event "CEDIS Festival saha 2024 - finale"]
[Site "Podgorica"]
[Date "2024.10.26"]
[Round "2.5"]
[White "Sijaric, Alvir"]
[Black "Abramovic, Dragoljub"]
[Result "1/2-1/2"]
[WhiteElo "1915"]
[BlackElo "2027"]
[PlyCount "149"]
[EventDate "2024.10.25"]
[EventType "tourn"]
[EventRounds "9"]
[EventCountry "MNE"]
[SourceDate "2024.10.26"]

1. d4 Nf6 2. c4 e6 3. Nf3 Bb4+ 4. Bd2 Qe7 5. g3 b6 6. Bg2 Bb7 7. O-O Bxd2 8.
Qxd2 d6 9. Nc3 Nbd7 10. d5 O-O 11. e4 c5 12. Rfe1 Rfd8 13. a4 a5 14. b3 Nf8 15.
Nh4 Ng6 16. Nxg6 hxg6 17. h3 e5 18. Kh2 Nh7 19. f4 f6 20. Qf2 exf4 21. gxf4 g5
22. f5 Qe5+ 23. Qg3 Qxg3+ 24. Kxg3 Kf7 25. Bf3 Rh8 26. Nb5 Ke7 27. Nc7 Rag8 28.
Ne6 Nf8 29. Rad1 Nd7 30. Rh1 Ne5 31. Bg4 Bc8 32. h4 gxh4+ 33. Rxh4 g5 34. Rh5
Bxe6 35. fxe6 Rxh5 36. Bxh5 Rh8 37. Rh1 Ng6 38. Bf3 Rxh1 39. Bxh1 Ne5 40. Bf3
Nd3 41. Be2 Nf4 42. Bf1 Kf8 43. Kg4 Ke7 44. Kf5 Nh5 45. Kg4 Ng7 46. Be2 Kf8 47.
Kg3 Ke7 48. Bg4 Ne8 49. Bh5 Nc7 50. Kg4 Na6 51. Kf5 Nb4 52. Bd1 Nd3 53. Bh5 Nf4
54. Bf3 Nd3 55. Kg4 Kf8 56. Kg3 Ne1 57. Bd1 Ke7 58. Kf2 Nd3+ 59. Kg3 Kf8 60.
Be2 Nf4 61. Bf1 Kg7 62. Kg4 Ng6 63. Kf5 Ne7+ 64. Kg4 Kg6 65. Bd3 Kg7 66. Be2
Kf8 67. Kh5 Kg7 68. Kg4 Ng6 69. Kf5 Nh4+ 70. Kg4 Ng2 71. Kg3 Nf4 72. Bf1 Kg6
73. Kg4 Kg7 74. Kf5 Nh5 75. Kg4 1/2-1/2

[Event "CEDIS Festival saha 2024 - finale"]
[Site "Podgorica"]
[Date "2024.10.26"]
[Round "3.1"]
[White "Abramovic, Dragoljub"]
[Black "Djukanovic, Sreten"]
[Result "1/2-1/2"]
[WhiteElo "2027"]
[BlackElo "2106"]
[PlyCount "133"]
[EventDate "2024.10.25"]
[EventType "tourn"]
[EventRounds "9"]
[EventCountry "MNE"]
[SourceDate "2024.10.26"]

1. e4 c5 2. Nf3 d6 3. Bb5+ Nc6 4. O-O e5 5. Nc3 f5 6. exf5 Nf6 7. Qe2 Be7 8.
Ne4 Bxf5 9. Nxf6+ Bxf6 10. d4 cxd4 11. Nxd4 Bd7 12. Bxc6 bxc6 13. c3 Qb6 14.
Be3 Qb7 15. Nb3 a5 16. Rad1 a4 17. Nd2 d5 18. Bd4 O-O 19. Bxe5 Rae8 20. f4 Qxb2
21. Qe3 Qxa2 22. Ra1 Qc2 23. Rfc1 Qf5 24. Rxa4 Bxe5 25. fxe5 Rxe5 26. Qg3 Qe6
27. Nf3 Re3 28. Rf4 Re8 29. h3 Qe7 30. c4 Re2 31. Nd4 Re3 32. Qf2 Re1+ 33. Rxe1
Qxe1+ 34. Qxe1 Rxe1+ 35. Kf2 Rc1 36. cxd5 cxd5 37. h4 Rd1 38. Ke2 Ra1 39. Ke3
Ra2 40. Rf2 Ra8 41. Rf4 h6 42. Nf3 Ra2 43. Ne5 Be6 44. g3 Ra3+ 45. Kf2 Ra8 46.
Ke3 Rf8 47. Nd3 Bf5 48. Nb4 Be4 49. Nc6 Rxf4 50. Kxf4 Kf7 51. g4 Ke6 52. g5 h5
53. Nd4+ Kd6 54. Ne2 Kc5 55. Ke3 Kd6 56. Kf4 Bd3 57. Nd4 g6 58. Ke3 Be4 59. Kf4
Kc5 60. Ke3 Kc4 61. Ne2 Bd3 62. Nd4 Kc3 63. Nf3 Bf5 64. Nd4 Be4 65. Ne6 Kc2 66.
Nf4 Kc3 67. Ne6 1/2-1/2

[Event "CEDIS Festival saha 2024 - finale"]
[Site "Podgorica"]
[Date "2024.10.26"]
[Round "3.2"]
[White "Mosurovic, Milena"]
[Black "Sijaric, Alvir"]
[Result "1/2-1/2"]
[WhiteElo "1816"]
[BlackElo "1915"]
[PlyCount "58"]
[EventDate "2024.10.25"]
[EventType "tourn"]
[EventRounds "9"]
[EventCountry "MNE"]
[SourceDate "2024.10.26"]

1. e4 c6 2. d4 d5 3. exd5 cxd5 4. Bd3 Nc6 5. c3 Nf6 6. Bf4 g6 7. Nf3 Bg7 8.
Nbd2 O-O 9. O-O Nh5 10. Bg3 Nxg3 11. hxg3 e5 12. dxe5 Nxe5 13. Nxe5 Bxe5 14.
Nf3 Bf6 15. Bc2 Bg4 16. Bb3 d4 17. cxd4 Qb6 18. Qd3 Bxf3 19. Qxf3 Bxd4 20. Rad1
Rad8 21. Rd2 Rd6 22. Qf4 Be5 23. Rxd6 Qxd6 24. Qf3 b5 25. Rd1 Qf6 26. Qxf6 Bxf6
27. Rd5 b4 28. Rb5 a5 29. Rxa5 Bxb2 1/2-1/2

[Event "CEDIS Festival saha 2024 - finale"]
[Site "Podgorica"]
[Date "2024.10.26"]
[Round "3.3"]
[White "Lakusic, Zoran"]
[Black "Vujadinovic, Zeljko"]
[Result "1/2-1/2"]
[WhiteElo "1752"]
[BlackElo "1863"]
[PlyCount "20"]
[EventDate "2024.10.25"]
[EventType "tourn"]
[EventRounds "9"]
[EventCountry "MNE"]
[SourceDate "2024.10.26"]

1. c4 d6 2. Nf3 Nf6 3. Nc3 e5 4. d4 e4 5. Ng5 Bf5 6. g4 Bg6 7. h4 h6 8. h5 hxg5
9. hxg6 Rxh1 10. gxf7+ Kxf7 1/2-1/2

[Event "CEDIS Festival saha 2024 - finale"]
[Site "Podgorica"]
[Date "2024.10.26"]
[Round "3.4"]
[White "Krsikapa, Milos"]
[Black "Vesovic, Nebojsa"]
[Result "1-0"]
[WhiteElo "1811"]
[BlackElo "1829"]
[PlyCount "101"]
[EventDate "2024.10.25"]
[EventType "tourn"]
[EventRounds "9"]
[EventCountry "MNE"]
[SourceDate "2024.10.26"]

1. e4 c5 2. Nf3 d6 3. Bb5+ Bd7 4. Bxd7+ Qxd7 5. c4 g6 6. d4 Bg7 7. O-O cxd4 8.
Nxd4 Nf6 9. Nc3 O-O 10. f3 Nc6 11. Nde2 Ne5 12. b3 h6 13. Bb2 a6 14. Qd2 Rfd8
15. f4 Nc6 16. Ng3 Qg4 17. Nd5 Nh5 18. Nxh5 Qxh5 19. Bxg7 Kxg7 20. Rf3 Qg4 21.
Raf1 f6 22. Rg3 Qd7 23. Nb6 Qc7 24. Nxa8 Rxa8 25. Qd5 Nb4 26. Qh5 Qc5+ 27. Qxc5
dxc5 28. Rd1 Kf7 29. Rd7 b5 30. a3 Nc6 31. Rgd3 bxc4 32. bxc4 Nd4 33. Kf2 Rc8
34. Ra7 Rc6 35. g4 Rb6 36. f5 Rb2+ 37. Ke1 Re2+ 38. Kd1 Rxh2 39. fxg6+ Kxg6 40.
Rxe7 Kg5 41. e5 Rh1+ 42. Kd2 Rh2+ 43. Kc1 Rc2+ 44. Kb1 Rg2 45. Rg7+ Kf4 46.
exf6 Ke4 47. Rd1 Ke5 48. Rf1 Ne2 49. Re7+ Kd4 50. Rxe2 Rxe2 51. f7 1-0

[Event "CEDIS Festival saha 2024 - finale"]
[Site "Podgorica"]
[Date "2024.10.26"]
[Round "3.5"]
[White "Milovic, Ilija"]
[Black "Zizic, Djordje"]
[Result "0-1"]
[WhiteElo "1885"]
[BlackElo "1841"]
[PlyCount "106"]
[EventDate "2024.10.25"]
[EventType "tourn"]
[EventRounds "9"]
[EventCountry "MNE"]
[SourceDate "2024.10.26"]

1. d4 d5 2. c4 e6 3. Nc3 Nf6 4. cxd5 exd5 5. Bg5 Bb4 6. e3 h6 7. Bh4 g5 8. Bg3
Ne4 9. Qc2 h5 10. f3 Nxg3 11. hxg3 Qe7 12. Kf2 Be6 13. Bd3 c6 14. Nge2 Nd7 15.
a3 Bd6 16. b4 a6 17. Na4 h4 18. g4 Qf6 19. Bf5 Bxf5 20. Qxf5 Qxf5 21. gxf5 b5
22. Nb2 Nb6 23. e4 f6 24. g3 hxg3+ 25. Nxg3 Bxg3+ 26. Kxg3 Kf7 27. e5 Nc4 28.
Nxc4 dxc4 29. e6+ Ke7 30. Rad1 Rad8 31. Rxh8 Rxh8 32. d5 cxd5 33. Rxd5 Rc8 34.
Rd7+ Ke8 35. Rd2 c3 36. Rc2 Ke7 37. f4 Rc4 38. fxg5 fxg5 39. Kf2 Kf6 40. Ke1
Rc7 41. Kf2 Kxf5 42. e7 Rxe7 43. Rxc3 Rg7 44. Rc6 Rg6 45. Rc5+ Ke4 46. Kg3 g4
47. Rc7 Kd4 48. Rc8 Re6 49. Rd8+ Kc4 50. Kf4 g3 51. Rg8 Rd6 52. Rxg3 Rd3 53.
Rg4 Rd4+ 0-1

[Event "CEDIS Festival saha 2024 - finale"]
[Site "Podgorica"]
[Date "2024.10.27"]
[Round "4.1"]
[White "Djukanovic, Sreten"]
[Black "Zizic, Djordje"]
[Result "1-0"]
[WhiteElo "2106"]
[BlackElo "1841"]
[PlyCount "185"]
[EventDate "2024.10.25"]
[EventType "tourn"]
[EventRounds "9"]
[EventCountry "MNE"]
[SourceDate "2024.10.26"]

1. d4 d5 2. c4 e6 3. Nc3 Nf6 4. Bg5 Bb4 5. e3 h6 6. Bxf6 Qxf6 7. Qb3 c5 8. cxd5
exd5 9. Qxd5 Nc6 10. Bb5 O-O 11. Bxc6 bxc6 12. Qf3 Qg6 13. Nge2 Bg4 14. Qg3
Bxe2 15. Qxg6 fxg6 16. Kxe2 cxd4 17. Ne4 dxe3 18. Kxe3 Rae8 19. f3 Bc5+ 20. Kd3
Rf5 21. Rac1 Rd8+ 22. Ke2 Bd4 23. Rhd1 c5 24. Rc4 Rfd5 25. b3 g5 26. h3 R8d7
27. Rdc1 a5 28. Ra4 Ra7 29. Rac4 Rad7 30. R1c2 Rc7 31. Ra4 Ra7 32. Kf1 Kf7 33.
Nd2 Re5 34. Nc4 Re6 35. Re2 Rxe2 36. Kxe2 Bc3 37. Nd6+ Kg6 38. Nb5 Re7+ 39. Re4
Be5 40. Na3 Kf7 41. Nc4 Bc7 42. Rxe7+ Kxe7 43. Kd3 Ke6 44. Ke4 Bd8 45. Ne3 Bf6
46. Kd3 h5 47. Ke4 Bd4 48. Nc4 Bc3 49. g4 h4 50. Ne3 Bd4 51. Nd5 Be5 52. a4 Bd6
53. Ne3 Be5 54. Ng2 Bc7 55. Ne1 Be5 56. Nd3 Bd6 57. Nb2 Be5 58. Nc4 Bc7 59. Ne3
Bd6 60. Nd5 Be5 61. Ne3 Bd6 62. Kd3 Bf4 63. Ng2 Kd5 64. Ne1 Bg3 65. Nc2 Bf2 66.
Na3 Ke5 67. Ke2 Bd4 68. Nc4+ Kf4 69. Nxa5 Kg3 70. Nc4 Kxh3 71. a5 Kg2 72. a6 h3
73. a7 h2 74. a8=Q h1=Q 75. f4+ Kh2 76. Qh8+ Kg1 77. Qxh1+ Kxh1 78. Kf3 gxf4
79. g5 Kg1 80. Kxf4 Kf2 81. Ke4 g6 82. Ne5 Kg3 83. Nxg6 Bg7 84. Nf4 Kf2 85. Ne6
Bh8 86. Nxc5 Ke2 87. b4 Bc3 88. b5 Kf2 89. b6 Ba5 90. b7 Bc7 91. g6 Bd6 92. g7
Bxc5 93. g8=Q 1-0

[Event "CEDIS Festival saha 2024 - finale"]
[Site "Podgorica"]
[Date "2024.10.27"]
[Round "4.2"]
[White "Vesovic, Nebojsa"]
[Black "Milovic, Ilija"]
[Result "1-0"]
[WhiteElo "1829"]
[BlackElo "1885"]
[PlyCount "85"]
[EventDate "2024.10.25"]
[EventType "tourn"]
[EventRounds "9"]
[EventCountry "MNE"]
[SourceDate "2024.10.26"]

1. c4 e6 2. d4 Nf6 3. Nf3 d5 4. g3 Be7 5. Bg2 O-O 6. O-O dxc4 7. Qc2 a6 8. Qxc4
b5 9. Qb3 Bb7 10. Bd2 c5 11. dxc5 Bxc5 12. Bb4 Bxb4 13. Qxb4 Nc6 14. Qh4 Ne7
15. Nbd2 Ng6 16. Qb4 Rc8 17. Rac1 Qb6 18. Nb3 Bd5 19. Qd4 Qb7 20. Nc5 Qa8 21.
b4 Rfd8 22. Qb2 Ne4 23. Nxe4 Bxe4 24. Rxc8 Rxc8 25. Rc1 Bd5 26. Rxc8+ Qxc8 27.
h3 Qc4 28. a3 h6 29. Kh2 Kh7 30. h4 Be4 31. h5 Ne7 32. Ne5 Qc2 33. Qxc2 Bxc2
34. Nxf7 Bd1 35. Bb7 Bxe2 36. Bxa6 Nd5 37. Nd8 e5 38. Nc6 Nc3 39. Nxe5 Nb1 40.
a4 Bxh5 41. axb5 Be2 42. Bc8 Nc3 43. b6 1-0

[Event "CEDIS Festival saha 2024 - finale"]
[Site "Podgorica"]
[Date "2024.10.27"]
[Round "4.3"]
[White "Vujadinovic, Zeljko"]
[Black "Krsikapa, Milos"]
[Result "1-0"]
[WhiteElo "1863"]
[BlackElo "1811"]
[PlyCount "93"]
[EventDate "2024.10.25"]
[EventType "tourn"]
[EventRounds "9"]
[EventCountry "MNE"]
[SourceDate "2024.10.26"]

1. d4 Nf6 2. Nf3 e6 3. Bg5 h6 4. Bh4 c5 5. Bxf6 Qxf6 6. c3 Nc6 7. e3 d5 8. Bb5
Bd7 9. Nbd2 Bd6 10. O-O a6 11. Ba4 O-O 12. e4 dxe4 13. Nxe4 Qe7 14. dxc5 Bc7
15. b4 e5 16. Bb3 Kh8 17. Nd6 b6 18. Qd5 Be8 19. Nxe8 Qxe8 20. cxb6 Bxb6 21.
Ba4 Rc8 22. Rfe1 f6 23. Nd2 Rd8 24. Qxc6 Qxc6 25. Bxc6 Rxd2 26. Rf1 Rc8 27. Bb7
Rxc3 28. Bxa6 Rcc2 29. Bb7 Bd4 30. a4 Bxa1 31. Rxa1 Ra2 32. Rc1 Rxa4 33. b5
Rad4 34. Rf1 Rd1 35. g3 Rxf1+ 36. Kxf1 Kg8 37. Ke2 Kf7 38. Ke3 Ke6 39. f4 Rb4
40. Bc6 exf4+ 41. gxf4 Rb2 42. Kd4 Kf5 43. Kc5 Rxh2 44. b6 Rd2 45. b7 Rd8 46.
Bd7+ Kxf4 47. Bc8 1-0

[Event "CEDIS Festival saha 2024 - finale"]
[Site "Podgorica"]
[Date "2024.10.27"]
[Round "4.4"]
[White "Sijaric, Alvir"]
[Black "Lakusic, Zoran"]
[Result "1-0"]
[WhiteElo "1915"]
[BlackElo "1752"]
[PlyCount "57"]
[EventDate "2024.10.25"]
[EventType "tourn"]
[EventRounds "9"]
[EventCountry "MNE"]
[SourceDate "2024.10.26"]

1. d4 e6 2. c4 Ne7 3. e4 g6 4. Nc3 Bg7 5. Be3 O-O 6. Qd2 Nbc6 7. d5 exd5 8.
cxd5 Nb8 9. Bd4 Bxd4 10. Qxd4 d6 11. O-O-O a6 12. h4 b5 13. h5 c5 14. Qe3 f6
15. Qh6 Rf7 16. hxg6 Nxg6 17. Rd3 Qf8 18. Qh2 Rg7 19. f4 b4 20. Nd1 Qe8 21. Nf2
f5 22. Re3 fxe4 23. Nxe4 Qf8 24. g3 Bf5 25. Ng5 Raa7 26. Bh3 Bxh3 27. Qxh3 Nxf4
28. gxf4 Qxf4 29. Qc8+ 1-0

[Event "CEDIS Festival saha 2024 - finale"]
[Site "Podgorica"]
[Date "2024.10.27"]
[Round "4.5"]
[White "Abramovic, Dragoljub"]
[Black "Mosurovic, Milena"]
[Result "1-0"]
[WhiteElo "2027"]
[BlackElo "1816"]
[PlyCount "95"]
[EventDate "2024.10.25"]
[EventType "tourn"]
[EventRounds "9"]
[EventCountry "MNE"]
[SourceDate "2024.10.26"]

1. Nf3 Nf6 2. b3 d5 3. Bb2 e6 4. e3 Be7 5. d3 b6 6. Nbd2 Bb7 7. Be2 Nbd7 8. O-O
O-O 9. Ne5 Nxe5 10. Bxe5 c5 11. f4 Nd7 12. Bb2 Bf6 13. c3 Re8 14. Qc2 e5 15.
Bf3 exf4 16. exf4 Qc7 17. g3 Rac8 18. Rae1 Nb8 19. Bg4 Rcd8 20. Nf3 Nc6 21. Qd2
Ba6 22. Rd1 d4 23. c4 Bc8 24. Bxc8 Qxc8 25. Bc1 Re7 26. Rde1 Rde8 27. Rxe7 Rxe7
28. Re1 Qe8 29. Rxe7 Qxe7 30. Kf2 Kf8 31. Qd1 Qe6 32. Bd2 Be7 33. Qf1 h6 34.
Qg2 Bd8 35. a3 Na5 36. b4 Nb3 37. Kf1 Nxd2+ 38. Qxd2 Qc6 39. Kf2 f6 40. b5 Qe8
41. f5 Bc7 42. Nh4 Qa8 43. Ng6+ Kg8 44. Qe2 Be5 45. Qf3 Qxf3+ 46. Kxf3 Kf7 47.
Ke4 Bb8 48. Kd5 1-0

[Event "CEDIS Festival saha 2024 - finale"]
[Site "Podgorica"]
[Date "2024.10.27"]
[Round "5.1"]
[White "Mosurovic, Milena"]
[Black "Djukanovic, Sreten"]
[Result "0-1"]
[WhiteElo "1816"]
[BlackElo "2106"]
[PlyCount "82"]
[EventDate "2024.10.25"]
[EventType "tourn"]
[EventRounds "9"]
[EventCountry "MNE"]
[SourceDate "2024.10.26"]

1. e4 c5 2. Nc3 Nc6 3. g3 g6 4. Bg2 Bg7 5. d3 Rb8 6. Be3 Nd4 7. Qd2 d6 8. Nd1
Nf6 9. h3 O-O 10. c3 Nc6 11. Bh6 d5 12. Bxg7 Kxg7 13. exd5 Nxd5 14. Ne3 Nxe3
15. Qxe3 Qd6 16. Ne2 Rd8 17. Rd1 Be6 18. a3 Bb3 19. Rd2 Ne5 20. Nc1 Bd5 21. f4
Nc6 22. O-O Bxg2 23. Kxg2 e6 24. Ne2 a5 25. d4 Qd5+ 26. Kh2 b5 27. Rfd1 c4 28.
Ng1 b4 29. axb4 axb4 30. Nf3 bxc3 31. bxc3 Rb3 32. Rc1 Ra8 33. Qe2 Raa3 34.
Rdc2 Nb4 35. cxb4 Rxf3 36. Qxc4 Qxc4 37. Rxc4 Rxg3 38. Rb1 Rxh3+ 39. Kg2 Rhb3
40. Rcc1 Ra2+ 41. Kg1 Rab2 0-1

[Event "CEDIS Festival saha 2024 - finale"]
[Site "Podgorica"]
[Date "2024.10.27"]
[Round "5.2"]
[White "Lakusic, Zoran"]
[Black "Abramovic, Dragoljub"]
[Result "0-1"]
[WhiteElo "1752"]
[BlackElo "2027"]
[PlyCount "46"]
[EventDate "2024.10.25"]
[EventType "tourn"]
[EventRounds "9"]
[EventCountry "MNE"]
[SourceDate "2024.10.26"]

1. Nf3 d5 2. d4 h6 3. c4 c6 4. e3 Nf6 5. Nc3 Bf5 6. Ne5 e6 7. g4 Bh7 8. h4 Bb4
9. f3 Nbd7 10. g5 Nxe5 11. dxe5 Nd7 12. f4 Bf5 13. Bd3 Bxc3+ 14. bxc3 Bxd3 15.
Qxd3 Nc5 16. Qd4 Ne4 17. cxd5 Qxd5 18. Rg1 hxg5 19. hxg5 Rh2 20. g6 Rd8 21.
gxf7+ Kxf7 22. f5 Qb5 23. fxe6+ Ke8 0-1

[Event "CEDIS Festival saha 2024 - finale"]
[Site "Podgorica"]
[Date "2024.10.27"]
[Round "5.3"]
[White "Krsikapa, Milos"]
[Black "Sijaric, Alvir"]
[Result "0-1"]
[WhiteElo "1811"]
[BlackElo "1915"]
[PlyCount "78"]
[EventDate "2024.10.25"]
[EventType "tourn"]
[EventRounds "9"]
[EventCountry "MNE"]
[SourceDate "2024.10.26"]

1. e4 c6 2. Nc3 d5 3. Nf3 Bg4 4. h3 Bxf3 5. Qxf3 e6 6. Be2 Nf6 7. O-O Bb4 8. d3
O-O 9. e5 Nfd7 10. Qg3 Re8 11. a3 Bf8 12. Nd1 f5 13. Bh5 g6 14. h4 Bg7 15. d4
gxh5 16. Bg5 Re7 17. Bxe7 Qxe7 18. b4 Nf8 19. Qh3 Ng6 20. g3 Nd7 21. f4 Nb6 22.
Nb2 Nh8 23. c3 Nf7 24. Qg2 Nh6 25. Qe2 Ng4 26. a4 a5 27. b5 c5 28. Nd3 Nd7 29.
Rfc1 Bf8 30. c4 dxc4 31. Rxc4 Nb6 32. Rcc1 cxd4 33. Ra2 Nd5 34. Qd2 Nc3 35.
Raa1 Qd7 36. Nf2 Rd8 37. Nxg4 hxg4 38. Rc2 Bc5 39. Qd3 b6 0-1